书目信息 |
| 题名: |
文化的力量
|
|
| 作者: | 潘伟杰 , 孙锐 , 宋永华 著 | |
| 分册: | ||
| 出版信息: | 上海 上海人民出版社 2008 |
|
| 页数: | 231页 | |
| 开本: | 21cm | |
| 丛书名: | ||
| 单 册: | ||
| 中图分类: | D675.13 | |
| 科图分类: | ||
| 主题词: | 社区 , 文化工作 , 政治--中国 | |
| 电子资源: | ||
| ISBN: | 978-7-208-06782-0 | |
| 000 | 01120nam0 2200313 450 | |
| 001 | 1259995765 | |
| 005 | 20121004164055.79 | |
| 010 | @a978-7-208-06782-0@dCNY20.00 | |
| 100 | @a20080421d2008 em y0chiy50 ea | |
| 101 | 0 | @achi |
| 102 | @aCN@b310000 | |
| 105 | @ay z 000yy | |
| 200 | 1 | @a文化的力量@Awen hua de li liang@e上海浦东新区塘桥街道文化立社区实证研究@f潘伟杰,孙锐,宋永华著 |
| 210 | @a上海@c上海人民出版社@d2008 | |
| 215 | @a231页@d21cm | |
| 300 | @a浦东党建·文化实践篇/张华主编 | |
| 330 | @a本书内容分发现力量、赢得力量、积聚力量、提升力量、拓展力量、体悟力量六章对社区文化进行深入的研究。 | |
| 517 | 1 | @a上海浦东新区塘桥街道文化立社区实证研究@Ashang hai pu dong xin qu tang qiao jie dao wen hua li she qu shi zheng yan jiu |
| 606 | 0 | @a社区 |
| 606 | 0 | @a文化工作 |
| 606 | 0 | @a政治@x中国 |
| 607 | @a浦东新区@x社区@x文化工作@x研究 | |
| 607 | @a浦东新区 | |
| 690 | @aD675.13@v4 | |
| 701 | 0 | @a潘伟杰@Apan wei jie@f(1971.12~)@4著 |
| 701 | 0 | @a孙锐@Asun rui@f(1950~)@4著 |
| 701 | 0 | @a宋永华@Asong yong hua@c(教师)@4著 |
| 801 | 0 | @aCN@bNLC@c20101222 |
| 905 | @a10447@dD675.13@eJY89 | |
| 文化的力量:上海浦东新区塘桥街道文化立社区实证研究/潘伟杰,孙锐,宋永华著.-上海:上海人民出版社,2008 |
| 231页;21cm |
| 浦东党建·文化实践篇/张华主编 |
| ISBN 978-7-208-06782-0:CNY20.00 |
| 本书内容分发现力量、赢得力量、积聚力量、提升力量、拓展力量、体悟力量六章对社区文化进行深入的研究。 |
| ● |
| 相关链接 |
|
|
|
|
正题名:文化的力量
索取号:D675.13/JY89
 
预约/预借
| 序号 | 登录号 | 条形码 | 馆藏地/架位号 | 状态 | 备注 |
| 1 | 7812387 | 278123870 | 学院路分馆/ [索取号:D675.13/JY89] | 在馆 | |
| 2 | 7812388 | 278123889 | 学院路分馆/ [索取号:D675.13/JY89] | 在馆 | |
| 3 | 7812389 | 278123898 | 学院路分馆/ [索取号:D675.13/JY89] | 在馆 |